00322pam a2200133 a 4500020000500000041000500005082001500010100002700025245007300052260002300125300000800148653001800156700001400174 c h a647.940688 aBUTTLE FRANCISeAuthor aHOTEL AND FOOD SERVICE MARKETINGcBUTTLE FRANCIShTextual Documents  aLondonbCASELL Edu a414 aFood services eCo-Author